| 000 | 00879cam a2200241 4500 | ||
|---|---|---|---|
| 001 | WB3641-15 | ||
| 008 | 000000n2000 000 0 eng u | ||
| 035 | _a(Sirsi) u108876 | ||
| 245 | _aDefects in newly built homes | ||
| 260 | _c2000 | ||
| 490 |
_aFinancial Times _v19 October 2000, 4 (1) |
||
| 520 | _aThe first nationwide customer satisfaction survey, carried out by MORI for the DETR and the Housing Forum, has revealed that four out of five housebuyers found defects in their new homes. Overall 87% were satisfied with their purchase but only 70% were happy with the service provided by the builder. Table. | ||
| 590 | _aWB | ||
| 650 | _aSURVEYS | ||
| 650 | _aHOUSE BUILDING INDUSTRY | ||
| 650 | _aHOUSING DEFECTS | ||
| 650 | _aSATISFACTION | ||
| 650 | _aHOMEBUYERS | ||
| 650 | _aNEW HOMES | ||
| 650 | _aPUBLIC OPINION | ||
| 690 | _aHOUSING | ||
| 942 | _n0 | ||
| 999 |
_c64997 _d64997 |
||